| 000 | 00375nam a22001697a 4500 | ||
|---|---|---|---|
| 005 | 20160623154855.0 | ||
| 008 | 160623b xxu||||| |||| 00| 0 eng d | ||
| 020 | _a0-19-565809-4 | ||
| 041 | _aeng | ||
| 082 | _b9632 | ||
| 100 |
_aSinha, R.P. _9436 |
||
| 245 | _aEnglish Grammer and usage | ||
| 260 | _bOxford | ||
| 300 | _a466 | ||
| 650 |
_aManagement _9241 |
||
| 942 | _cBK | ||
| 999 |
_c3708 _d3707 |
||